000 00458 a2200169 4500
999 _c4838
_d4838
020 _a0841900159
050 0 0 _aPZ4.OKA 1963
_aPR9387.9 OKA 1963
100 1 _aOkara, Gabriel,
_d1921-
_eauthor
245 1 4 _aThe voice /
_cIntrod. by Arthur Ravenscroft.
264 _aOxford :
_bHeinemann,
_c1964
300 _a127p.
500 _anovel
650 _aFiction
650 _aAfrican tradition and language
651 0 _aAfrica
942 _2lcc
_cBK
_h9387.9
_iOKA
_kPR